000 00606nam a22001937a 4500
005 20251108165352.0
008 250721s9999 xx 000 0 ara d
082 1 4 _aم/015.61/محم
100 1 _aالمصري، محمد
245 1 0 _aالإنتاج الفكري للأطباء العرب في العصر الحديث /
264 1 _aالقاهره :
_bمكتبة غريب،
_c[19-].
300 _a325ص
490 0 _aدراسات في علم المعلومات
650 1 7 _aالطب
650 1 7 _aالببليوغرافيات
650 1 7 _aالأطباء
942 _2ddc
_cREF
999 _c26235
_d26235